| 000 | 00508nmm a2200169Ia 4500 | ||
|---|---|---|---|
| 008 | 251105s9999||||xx |||||||||||||||||und|| | ||
| 020 | _a8477370826 | ||
| 041 | _aspa | ||
| 100 | _aRamos Muñoz, José Francisco | ||
| 245 | 0 |
_aEuropa Prehistórica : _b Cazadores y recolectores |
|
| 264 |
_a[Madrid, España] : _bSílex Ediciones, _c1999 |
||
| 300 | _a414 páginas | ||
| 490 | _aClaves Históricas | ||
| 650 | _aHistory of Europe | ||
| 856 | _uhttps://public.digitaliapublishing.com/a/1255 | ||
| 942 | _cCF | ||
| 999 |
_c73442 _d73442 |
||